| 000 | 01609nam a2200361 c 4500 | ||
|---|---|---|---|
| 001 | 59095 | ||
| 003 | CO-BoRNBP | ||
| 005 | 20250909161224.0 | ||
| 007 | ta | ||
| 008 | 221026r20152017ck e 000 0dspa d | ||
| 020 | _a9789588926056 | ||
| 040 |
_aCO-BoRNBP _bspa _erda _cCO-BoRNBP |
||
| 041 | 0 | _aspa | |
| 082 | 0 | 4 |
_a370 _bM24e _222 |
| 100 |
_aMejía Jiménez, Marco Raúl _d1952- _eaut _964758 |
||
| 245 | 1 | 0 |
_aEducación popular en el siglo XXI / _cMarco Raúl Mejía Jiménez. |
| 250 |
_aPrimera edición _bPrimera reimpresión |
||
| 264 | 1 |
_aBogotá, Colombia : _bEdiciones desde Abajo, _c2017 |
|
| 300 | _a105 páginas | ||
| 336 |
_atexto _btxt _2rdacontent |
||
| 337 |
_asin mediación _bn _2rdamedia |
||
| 338 |
_avolumen _bnc _2rdacarrier |
||
| 490 | 0 |
_aColección Primeros pasos _v13 |
|
| 500 | _aEl material correspondiente a la dotación PNLB 2022, corresponden a la primera reimpresión de 2017 | ||
| 504 | _aIncluye referencias bibliográficas | ||
| 505 | 0 | _a1. Educación popular, acumulado hecho movimiento y propuesta político-pedagógica -- 2. El sur, una apuesta contextual, epistémica y política -- 3. El sur organiza nuevos escenarios -- 4. ámbitos de reelaboración de las pedagogías de la educación popular -- 5. La educación popular, construcción colectiva en marca | |
| 521 | _aRecomendado para un público adulto | ||
| 545 | _aIncluye datos biográficos del autor en la contra carátula | ||
| 650 | 0 | 7 |
_aEducación popular _ySiglo XXI _2lemb _964759 |
| 650 | 0 | 7 |
_aModelos de enseñanza _2lemb _920382 |
| 650 | 0 | 7 |
_aPedagogía _ySiglo XXI _2lemb _942524 |
| 942 |
_2ddc _cBK |
||
| 999 |
_c59095 _d59095 |
||